TV Shows Inspired By Books Quiz Stats

Quiz Updated Jul 11, 2014

Challenge
Share
Tweet
Embed
Score 0/17 Timer 04:00
0 Plays Today
Book or Story TV Show % Correct
Darkly Dreaming DexterDexter
82.5%
Lassie Come-HomeLassie
81%
The Southern Vampire Mysteries True Blood
65.3%
The Passionate WitchBewitched
63.5%
Roswell High book seriesRoswell
46.6%
Homicide: A Year on the Killing StreetsHomicide: Life on the Street
35.6%
Book series including
Déja Dead, Grave Secrets,
and Bones to Ashes
Bones
34.2%
Spencer's MountainThe Waltons
25.7%
The Taming of the Shrew10 Things I Hate About You
25.4%
Book or Story TV Show % Correct
CyborgThe Six Million Dollar Man
20.1%
Inside Delta Force: The Story of America's Elite Counterterrorist UnitThe Unit
17.5%
Accidentally on Purpose: The True Tale of a Happy Single Mother (P.S.)Accidentally on Purpose
15.3%
Ed Takes the PledgeMister Ed
13.8%
The Railway Series books**Thomas the Tank Engine and Friends
12.5%
Sword of Truth series including Wizard's First Rule,
Temple of the Winds, and
The Pillars of Creation
Legend of the Seeker
5.2%
Mary Poppins book seriesNanny and the Professor
4.1%
The Curse of CapistranoZorro
3.4%

You're not logged in!

Compare scores with friends on all Sporcle quizzes.
Join for Free
OR
Log In

You Might Also Like...

Show Comments

Extras

Top Quizzes Today


Score Distribution

Your Account Isn't Verified!

In order to create a playlist on Sporcle, you need to verify the email address you used during registration. Go to your Sporcle Settings to finish the process.

Report this User

Report this user for behavior that violates our Community Guidelines.

Details: